Riconosci lo Stato - Quiz n°167 - Statistics

Statistiche generali
  • Questo quiz è stato fatto 17 volte
  • Il punteggio medio è 12 su 13
Statistiche sulle risposte
Indizio Risposta % Corretto
Indipendenza 3 ottobre 1932 dal Regno Unito
93%
Superficie 438 317 km²
93%
Presidente della Repubblica Abdul Latif Rashid
93%
Iniziale della Capitale B
93%
Valuta Dinaro
93%
Primo ministro Mohammed Shia' Al Sudani
93%
Forma di Governo Repubblica parlamentare federale
93%
ISU 0.686
87%
PIL (nominale) 203 000 milioni di $
87%
Popolazione 40 222 503 ab.
87%
Fuso Orario UTC+3
87%
Tasso di crescita 2,34%
80%
Risposta Iraq
80%
Nessun quiz corrispondente trovato
Distribuzione punteggi
Percentuale di utenti per punteggio
Percentile per numero di risposta
I tuoi punteggi nel tempo
Non hai fatto questo quiz